[Event "IPCA Wch 21st"]
[Site "Ashdod"]
[Date "2022.05.11"]
[Round "4"]
[White "Vardi, Moshe"]
[Black "Shchukina, Ekaterina"]
[Result "1-0"]
[WhiteElo "1631"]
[BlackElo "1496"]
[PlyCount "69"]
[EventDate "2022.05.09"]
[EventType "swiss"]
[EventRounds "9"]
[EventCountry "ISR"]
[SourceTitle "CBM 208 Extra"]
[Source "ChessBase"]
[SourceDate "2022.07.31"]
[SourceVersion "1"]
[SourceVersionDate "2022.07.31"]
[SourceQuality "1"]

1. e4 c5 2. Nf3 d6 3. d4 cxd4 4. Nxd4 Nf6 5. Nc3 g6 6. Bd3 Nc6 7. Nxc6 bxc6 8. 0-0 Bg7 9. Kh1 0-0 10. h3 Rb8 11. f4 Nd7 12. Qe1 Nc5 13. f5 Nxd3 14. cxd3 Ba6 15. Rf3 Qa5 16. a3 Rb3 17. Ra2 Bxc3 18. bxc3 Qxc3 19. Bd2 Qd4 20. fxg6 hxg6 21. Qh4 e6 22. Bg5 Rb1+ 23. Kh2 f5 24. Raf2 Rb7 25. Bh6 Rff7 26. Qg3 Qe5 27. Bf4 Qg7 28. Bxd6 fxe4 29. dxe4 Rxf3 30. Rxf3 Rf7 31. Rb3 Bb5 32. a4 Bxa4 33. Rb8+ Kh7 34. Qh4+ Qh6 35. Rh8+ 1-0

[Event "EU-ch 16th"]
[Site "Jerusalem"]
[Date "2015.03.08"]
[Round "11"]
[White "Fainman, Tomer"]
[Black "Vardi, Moshe"]
[Result "1-0"]
[WhiteElo "1571"]
[BlackElo "1850"]
[PlyCount "75"]
[EventDate "2015.02.24"]
[EventType "swiss"]
[EventRounds "11"]
[EventCountry "ISR"]
[SourceTitle "CBM 166"]
[Source "ChessBase"]
[SourceDate "2015.05.11"]
[SourceVersion "1"]
[SourceVersionDate "2015.05.11"]
[SourceQuality "1"]

1. d4 c5 2. c3 e6 3. Nf3 Nc6 4. e4 cxd4 5. cxd4 Bb4+ 6. Nc3 Qa5 7. Qc2 Nf6 8. Bd3 d5 9. Bd2 dxe4 10. Bxe4 Nxe4 11. Qxe4 Bxc3 12. Bxc3 Qd5 13. Qe3 0-0 14. 0-0 Bd7 15. Qf4 Rac8 16. Qg3 Ne7 17. Rfe1 f6 18. Qf4 Rc4 19. Nd2 Bc6 20. Qg4 f5 21. Qh3 Ra4 22. Re5 Rxa2 23. Rae1 Qd7 24. Rxe6 Ng6 25. Qg3 Bb5 26. h4 Ra6 27. Rxa6 Bxa6 28. h5 Nh8 29. d5 f4 30. Qf3 h6 31. Qe4 Qf5 32. Qd4 Qf6 33. Qxa7 Qg5 34. Re5 Qg4 35. Qd4 Nf7 36. Re7 Qg5 37. Nf3 Qxe7 38. Qxg7# 1-0

[Event "EU-ch 16th"]
[Site "Jerusalem"]
[Date "2015.03.03"]
[Round "7"]
[White "Gorodetzky, Matan"]
[Black "Vardi, Moshe"]
[Result "1/2-1/2"]
[WhiteElo "1733"]
[BlackElo "1850"]
[PlyCount "79"]
[EventDate "2015.02.24"]
[EventType "swiss"]
[EventRounds "11"]
[EventCountry "ISR"]
[SourceTitle "CBM 166"]
[Source "ChessBase"]
[SourceDate "2015.05.11"]
[SourceVersion "1"]
[SourceVersionDate "2015.05.11"]
[SourceQuality "1"]

1. e4 e5 2. Nf3 Nc6 3. Bb5 a6 4. Ba4 Bc5 5. c3 Qf6 6. 0-0 h6 7. d4 exd4 8. e5 Qg6 9. cxd4 Be7 10. Nc3 Nd8 11. Nd5 Ne6 12. Bc2 Qh5 13. Ne3 Ng5 14. Nxg5 Qxd1 15. Bxd1 Bxg5 16. Nf5 g6 17. Bxg5 hxg5 18. Ng3 f5 19. exf6 Nxf6 20. Re1+ Kf8 21. Re5 g4 22. Rg5 Kf7 23. Bb3+ d5 24. Bxd5+ Nxd5 25. Rxd5 Be6 26. Rc5 c6 27. Ne4 Bd5 28. Ng3 Rh4 29. a3 Rah8 30. Nf1 g3 31. fxg3 Rxd4 32. Ne3 Re8 33. Nxd5 cxd5 34. Rc7+ Re7 35. Rac1 Rde4 36. Rxe7+ Rxe7 37. Kf2 Kf6 38. Kf3 d4 39. Rc4 Re3+ 40. Kf2 1/2-1/2